| 000 | 02601nam0a22004211 4500 | ||
|---|---|---|---|
| 001 | RU\NLR\A1\23295 | ||
| 005 | 20251203152403.2 | ||
| 035 | _a(NLR Aleph) 009677756 | ||
| 090 |
_a9690015 _c9690015 |
||
| 100 | _a19990908d1787 u y0rusy50 ca | ||
| 101 | 1 |
_arus _cfre |
|
| 102 | _aRU | ||
| 200 | 1 |
_aФеаген и Смарагда, африканская повесть: или Удивительныя приключения и опасныя путешествия двух любовников, кои, по преодолении всех противностей злобствующаго рока, наконец достигли желаннаго предмета _fПеревел с французскаго К.К.Рембовский |
|
| 210 |
_aМ. _cТип. при Театре, у Хр. Клаудия _d1787 |
||
| 215 |
_a[2], 168 с. _d8° |
||
| 305 | _aПер. вольного переложения "Эфиопики" Гелиодора | ||
| 305 | _aПер. кн.: Les amours de Theagenes et de Chariclées. Traduction libre, faites sur le Grec d'Heliodore. - Triomphe de la raison. Par Monsieur Maulnourry de la Bastille. (Amsterdam, 1716) | ||
| 305 | _aВ рус. пер. изменено имя героини и произведены небольшие сокращения | ||
| 321 | 1 | _aСК XVIII 7678 | |
| 321 | 1 | _aСК XVIII. Доп. С.124 | |
| 517 | 1 | _aУдивительныя приключения и опасныя путешествия двух любовников, кои, по преодолении всех противностей злобствующаго рока, наконец достигли желаннаго предмета | |
| 518 | 1 | _aУдивительные приключения и опасные путешествия двух любовников, кои, по преодолении всех противностей злобствующаго рока, наконец достигли желаннаго предмета | |
| 620 | _dМосква | ||
| 702 | 1 |
_6z01790 _aРембовский _bК. _gКарл _4730 |
|
| 702 | 1 |
_aКлаудий _bХ.А. _f-1805 _gХристофор Александрович _4610 |
|
| 712 | 0 | 0 |
_aКлаудий _gХ.А. _hТипография при Театре _cМосква _4610 |
| 790 | 1 |
_6z01702 _aРембовский _bК.К. |
|
| 801 | 0 |
_aRU _bNLR _c19990908 |
|
| 852 |
_aNLR _j138/591 |
||
| 852 |
_aNLR _j18.263.4.31 |
||
| 899 | _aВГБИЛ | ||
| 899 | _aРГБ | ||
| 899 | _aБАН | ||
| 899 | _aГПИБ | ||
| 942 | _cBOOK | ||
| 980 | _aNB | ||
| 980 | _aA1XVIIIv | ||